<?xml version="1.0" encoding="UTF-8"?>
<collection xmlns="http://www.loc.gov/MARC21/slim">
 <record>
  <leader>01281nam a2200193Ia 4500</leader>
  <controlfield tag="001">TDMU_21377</controlfield>
  <controlfield tag="008">210410s9999    xx            000 0 und d</controlfield>
  <datafield tag="082" ind1=" " ind2=" ">
   <subfield code="a">630.46</subfield>
  </datafield>
  <datafield tag="090" ind1=" " ind2=" ">
   <subfield code="b">C108</subfield>
  </datafield>
  <datafield tag="100" ind1=" " ind2=" ">
   <subfield code="a">Cao, Trương Ái Nữ</subfield>
  </datafield>
  <datafield tag="245" ind1=" " ind2="0">
   <subfield code="a">Khảo sát khả năng sinh enzyme celulase của nấm trichoderma phân lập từ đất vườn tài Bình Dương</subfield>
  </datafield>
  <datafield tag="245" ind1=" " ind2="0">
   <subfield code="c">Cao Trương Ái Nữ; ThS.Nguyễn Anh Dũng (Hướng dẫn)</subfield>
  </datafield>
  <datafield tag="260" ind1=" " ind2=" ">
   <subfield code="a">Bình Dương, 2014</subfield>
  </datafield>
  <datafield tag="300" ind1=" " ind2=" ">
   <subfield code="a">44tr</subfield>
  </datafield>
  <datafield tag="520" ind1=" " ind2=" ">
   <subfield code="a">Chuyên ngành: Sư phạm Sinh học; Danh mục tài liệu tham khảo sau phần kết luận tr.36-39; Khóa luận tốt nghiệp Cao đẳng trường Đại học Thủ Dầu Một, 2011- 2014; Khóa luận gồm 3 chương. Chương 1 Tổng quan tài liệu; Chương 2 Vật liệu và phương pháp nghiên cứu; Chương 3 Kết quả và biện luận</subfield>
  </datafield>
  <datafield tag="650" ind1=" " ind2=" ">
   <subfield code="a">Khóa luận; Trồng trọt</subfield>
   <subfield code="x">Sinh học đất</subfield>
   <subfield code="z">Bình Dương; Sinh học đất</subfield>
   <subfield code="x">Nấm Trichoderma</subfield>
  </datafield>
  <datafield tag="700" ind1=" " ind2=" ">
   <subfield code="a">Nguyễn Anh Dũng</subfield>
  </datafield>
  <datafield tag="856" ind1=" " ind2=" ">
   <subfield code="u">http://lrc.tdmu.edu.vn/opac/search/detail.asp?aID=2&amp;ID=21377</subfield>
  </datafield>
  <datafield tag="980" ind1=" " ind2=" ">
   <subfield code="a">Trung tâm Học liệu Trường Đại học Thủ Dầu Một</subfield>
  </datafield>
 </record>
</collection>
